Modeljuvannja investicijnych determinant rozvytku terytorij: imperatyvy adaptaciji do umov svitovoho rynku monohrafija

Na minha lista:
Detalhes bibliográficos
Autor principal: Karpenko, Lidiia
Autor Corporativo: Educational and Scientific Institute of Public Service and Administration Odesа Polytechnic National University
Outros Autores: Izha, Mykola, Akhlamov, Anatoliy, Kucharčík, Rudolf, 1977-, Augustín, Michael, 1991-, Bobrovska, O. Ju, Kolisničenko, N. M., Lipková, Ľudmila
Formato: Livro
Idioma:ucraniano
inglês
Publicado em: Odesa IPSU NU "Odeska politechnika" 2024
Edição:1. vydannja
Assuntos:
Tags: Adicionar Tag
Sem tags, seja o primeiro a adicionar uma tag!

MARC

LEADER 00000nam a2200000 4500
001 0304349
005 20240927090139.6
020 |a 978-617-692-889-8 
041 0 |a ukr 
041 0 |a eng 
044 |a UA 
245 1 0 |a Modeljuvannja investicijnych determinant rozvytku terytorij: imperatyvy adaptaciji do umov svitovoho rynku  |b monohrafija  |c Lidiia Karpenko, Mykola Izha, Anatoliy Akhlamov, Rudolf Kucharčík, Michael Augustín ; recenzenty: O. Ju. Bobrovska, N. M. Kolisničenko, Ľudmila Lipková 
250 |a 1. vydannja 
264 1 |a Odesa  |b IPSU NU "Odeska politechnika"  |c 2024 
300 |a 362 s. [16,7 AH] 
610 2 0 |a modelovanie 
610 2 0 |a investície 
610 2 0 |a investovanie 
610 2 0 |a rozvoj územný 
610 2 0 |a systémy bezpečnostné 
610 2 0 |a bezpečnosť ekonomická 
610 2 0 |a rozvoj investičný 
610 2 0 |a stavby 
610 2 0 |a rekonštrukcia 
100 1 |a Karpenko, Lidiia 
700 1 |a Izha, Mykola 
700 1 |a Akhlamov, Anatoliy 
700 1 |a Kucharčík, Rudolf, 1977- 
700 1 |a Augustín, Michael, 1991- 
700 1 |a Bobrovska, O. Ju. 
700 1 |a Kolisničenko, N. M. 
700 1 |a Lipková, Ľudmila 
710 2 |a Educational and Scientific Institute of Public Service and Administration Odesа Polytechnic National University